ბათუმის შოთა რუსთაველის სახელმწიფო უნივერსიტეტის ბიბლიოთეკა

წერილები დიალოგები (ბიბ.ჩანაწერი № 43586)

000 -LEADER
fixed length control field 00733nam a2200205Ia 4500
001 - CONTROL NUMBER
control field 10320
003 - CONTROL NUMBER IDENTIFIER
control field GE_BSU
008 - FIXED-LENGTH DATA ELEMENTS--GENERAL INFORMATION
fixed length control field 181216s||||||||xx |||||||||||||| ||und||
040 ## - CATALOGING SOURCE
Transcribing agency GE_BSU
080 ## - UNIVERSAL DECIMAL CLASSIFICATION NUMBER
Universal Decimal Classification number 821.353.1.09+821.353.1-92+821.353.1-83
100 ## - MAIN ENTRY--PERSONAL NAME
Personal name ფანჯიკიძე,გურამ
245 ## - TITLE STATEMENT
Title წერილები დიალოგები
245 ## - TITLE STATEMENT
Remainder of title ქართული ლიტერატურის ისტორია და კრიტიკა
245 ## - TITLE STATEMENT
Statement of responsibility, etc. რედ.ცისანა ჩხაიძე.მხატვ.გ.ღლონტი
260 ## - PUBLICATION, DISTRIBUTION, ETC.
Place of publication, distribution, etc. თბილისი
260 ## - PUBLICATION, DISTRIBUTION, ETC.
Name of publisher, distributor, etc. ნაკადული
260 ## - PUBLICATION, DISTRIBUTION, ETC.
Date of publication, distribution, etc. 1984
300 ## - PHYSICAL DESCRIPTION
Extent 394გვ.21სმ.
942 ## - ADDED ENTRY ELEMENTS (KOHA)
Koha item type წიგნი
ეგზემპლარები
Withdrawn status Lost status Damaged status Not for loan Date acquired Barcode Date last seen Price effective from Koha item type
        2018-12-17 34038 2018-12-17 2018-12-17 წიგნი